000 00631nam a2200205Ia 4500
003 GCL
008 140319s9999 xx 000 0 ara d
040 _aGCL /
_cGCL
082 0 4 _a953.122
_bص ق
100 1 _aصلاح عزام
245 1 0 _aقضية الحرمين الشريفين الاعتداء الدفاع المسئولية /
_cصلاح عزام
260 _a[S.N] :
_bدار الشعب للطباعة والنشر ،
_c1990
300 _a197 ص
490 _a
650 0 4 _aالمسجد النبوى
650 0 4 _aالحرم
650 0 4 _aالحرم النبوى
650 0 4 _aالقضايا
942 _2ddc
_cBK
999 _c29060
_d29060